01662nam a2200397 a 4500001001200000003000800012006001900020007001500039008004100054010001700095020001500112020002200127040002100149035002000170050002400190245015400214260006800368300001600436490005500452504006400507533015200571610003000723610001600753610003300769650003400802650004100836650004400877650004800921650002200969655002900991700002801020710001701048830005601065856012601121999001701247ebr10014889CaPaEBRm u cr cn|||||||||990816s2000 enk sb 001 0 eng  z 99045514  z0521773156 z0521774403 (pbk.) aCaPaEBRcCaPaEBR a(OCoLC)5120306714aHF1383b.C66 2000eb00aContesting global governanceh[electronic resource] :bmultilateral economic institutions and global social movements /cRobert O'Brien ... [et al.]. aCambridge, UK ;aNew York :bCambridge University Press,c2000. axiv, 260 p.1 aCambridge studies in international relations ;v71 aIncludes bibliographical references (p. 235-255) and index. aElectronic reproduction.bPalo Alto, Calif. :cebrary,d2013.nAvailable via World Wide Web.nAccess may be limited to ebrary affiliated libraries.20aWorld Trade Organization.20aWorld Bank.20aInternational Monetary Fund. 0aInternational trade agencies. 0aInternational tradexSocial aspects. 0aInternational tradexPolitical aspects. 0aInternational tradexEnvironmental aspects. 0aSocial movements. 7aElectronic books.2local1 aO'Brien, Robert,d1963-2 aebrary, Inc. 0aCambridge studies in international relations ;v71.40uhttp://site.ebrary.com/lib/rucke/Doc?id=10014889zAn electronic book accessible through the World Wide Web; click to view c26726d26726